000 01320cam a2200313 a 4500
001 000002783
005 20240312122410.0
008 060920s2006 sp b 001 p spa
010 _a2006493813
020 _a8479088532
040 _aDO-SdBNP
_cDLC
082 _a861.09
_bA367r
100 1 _aAlemany Bay, Carmen,
_d1964-
_98773
245 1 0 _aResidencia en la poesía :
_bpoetas latinoaméricanos del siglo XX. /
_cCarmen Alemany Bay ; prólogo de José Carlos Rovira.
260 _aAlicante, España :
_bUniversidad de Alicante,
_c2006.
300 _a310 p. ;
_c18 cm.
440 0 _aCuadernos de América sin nombre ;
_vno. 13
_97436
504 _aBibliografías: p. 305-307.
650 4 _aPoesía latinoaméricana
_xHistoria y crítica
_ySIGLO XX
_98774
650 4 _aPoetas hispanoaméricanos
_ySIGLO XX
_vBIOGRAFÍAS
_98775
650 4 _aPoetas latinoaméricanos
_ySIGLO XX
_vBIOGRAFÍAS
_98776
650 4 _aPoesía latinoaméricana
_vCOLECCIONES
_98777
650 4 _aPoesía hispanoaméricanos
_vCOLECCIONES
_98778
650 4 _aLiteratura hispanoaméricana
_xHistoria y crítica
_ySIGLO XX
_98779
650 4 _aLiteratura latinoaméricana
_xHistoria y crítica
_ySIGLO XX
_98780
650 0 _aLiteratura Latinoamericana
_98781
700 1 _aRovira, José Carlos
_eprol.
_97439
910 _aCatalogación por copia / LC
999 _c2617
_d2617